01225nam a22001697a 4500999001700000020001800017082002700035100003400062245012500096260003400221300001600255520056900271650003400840650003300874942001200907952013600919 c37733d37733 a9781032203225 a 363.7392095456bNEG-A aNegi, Rohit & Srigyan, Prerna aAtmosphere of Collaboration:bAir Pollution Science, Politics and Ecopreneurship in Delhi /cRohit Negi & Prerna Srigyan aNew York :bRoutledge,c2022. axi, 106p. ; aThis book discusses air pollution in Delhi from scientific, social and entrepreneurial perspectives. Using key debates and interventions on air pollution, it examines the trajectories of environmental politics in the Delhi region, one of the most polluted areas in the world. It highlights the administrative struggles, public advocacy, and entrepreneurial innovations that have built creative new links between science and urban citizenship. The book describes the atmosphere of collaboration that pervades these otherwise disparate spheres in contemporary Delhi. aAir quality managementzIndia a Pollution preventionzDelhi 2ddccBK 00104070aNASSDOCbNASSDOCd2023-03-16eOverseasg0.00l0o363.7392095456 NEG-Ap52974r2023-04-18 00:00:00v0.00w2023-04-18yBK